| 000 | 01663nam a2200469 i 4500 | ||
|---|---|---|---|
| 001 | 9740 | ||
| 003 | KOSZ 005 | ||
| 005 | 20191122083041.0 | ||
| 008 | 980916s1978 pl a f |001 0 pol | ||
| 015 | _aPB 1979/1511 | ||
| 035 | _a991005513469705066 | ||
| 035 | _a(PL-WaBN)b11441136-48omnis_nlop | ||
| 035 | _ab11441136 | ||
| 035 | _a(OCoLC)830135288 | ||
| 035 | _a(PL)b0000001144113 | ||
| 035 | _a(EXLNZ-48OMNIS_NETWORK)9910015417305606 | ||
| 040 |
_aWA N _cWA N _dKOSZ 005/EG |
||
| 046 | _k1978 | ||
| 080 | _a005.1 | ||
| 080 | _a(03) | ||
| 100 | 1 |
_aPszczołowski, Tadeusz _d(1922-1999) _eAutor |
|
| 245 | 1 | 0 |
_aMała encyklopedia prakseologii i teorii organizacji / _cTadeusz Pszczołowski ; Zakład Prakseologii Instytutu Filozofii i Socjologii PAN. |
| 260 |
_aWrocław : _bZakł. Nar. im. Ossolińskich, _c1978. |
||
| 300 |
_a346 s. : _bil., tabl., wykr. ; _c25 cm. |
||
| 336 |
_2rdacontent _aTekst _btxt |
||
| 337 |
_2rdamedia _aBez urządzenia pośredniczącego _bn |
||
| 338 |
_2rdacarrier _aWolumin _bnc |
||
| 380 | _aKsiążki | ||
| 380 | _aPublikacje informacyjne | ||
| 388 | _a1901-2000 | ||
| 388 | _a1945-1989 | ||
| 500 | _aIndeksy. | ||
| 650 | 7 |
_aOrganizacja _2DBN |
|
| 650 | 7 |
_aPrakseologia _2DBN |
|
| 655 | 7 |
_aEncyklopedia _2DBN |
|
| 658 | _aZarządzanie i marketing | ||
| 710 | 2 | _aZakład Prakseologii Instytutu Filozofii i Socjologii PAN | |
| 710 | 2 |
_aZakład Narodowy im. Ossolińskich _bWydawnictwo |
|
| 856 |
_uhttp://koha.tu.koszalin.pl/cgi-bin/koha/opac-detail.pl?biblionumber=9740 _yKatalog online BPK |
||
| 942 |
_2UKD _cKS |
||
| 999 |
_c9740 _d9740 |
||